Reflection on possible application of prospect theory in relation to risky behaviour attitudes of loon takers in Hungary
Vysvetlenie často iracionálneho správania spotrebiteľa pri výbere úveru. Zabudovaná zaujatosť v celej šírke systému voči averznému správaniu k riziku. Simulácia riskantného správania v zaujatých podmienkach maďarského finančného trhu z hľadiska teórie perspektívy (Kahneman, Tversky).
Saved in:
| Main Author: | |
|---|---|
| Other Authors: | |
| Format: | Book Chapter |
| Language: | English |
| Subjects: | |
| Tags: |
No Tags, Be the first to tag this record!
|
MARC
| LEADER | 00000naa a2200000 4500 | ||
|---|---|---|---|
| 001 | 0197006 | ||
| 005 | 20240502073325.0 | ||
| 041 | 0 | |a eng | |
| 044 | |a SK | ||
| 245 | 1 | 0 | |a Reflection on possible application of prospect theory in relation to risky behaviour attitudes of loon takers in Hungary |c Gábor Szüdi, Jaroslava Kováčová |
| 520 | |a Vysvetlenie často iracionálneho správania spotrebiteľa pri výbere úveru. Zabudovaná zaujatosť v celej šírke systému voči averznému správaniu k riziku. Simulácia riskantného správania v zaujatých podmienkach maďarského finančného trhu z hľadiska teórie perspektívy (Kahneman, Tversky). | ||
| 610 | 2 | 0 | |a Maďarsko |
| 610 | 2 | 0 | |a správanie spotrebiteľa |
| 610 | 2 | 0 | |a úver |
| 610 | 2 | 0 | |a riziko úverové |
| 100 | 1 | |a Szüdi, Gábor | |
| 700 | 1 | |a Kováčová, Jaroslava | |